Harry Potter - Les films - Statistiques

Statistiques générales
  • Ce quiz a été pris 273 fois
  • Le résultat moyen est 6 sur 15
Statistiques - réponses
Description Réponse % Correct
Quelle est la couleur préférée de Dolores Ombrage ? Rose
81%
Comment s'appelle la chatte de Rusard ? Miss Teigne
77%
Que trouve Harry au fond du lac gelé dans Harry Potter et les reliques de la mort partie 1? L'épée de Gryffondor
69%
De quelle école vient Fleur Delacour ? Beauxbâtons
64%
Comment s'appelle la professeure de vol dans Harry Potter à l'école des sorciers ? Madame Bibine
64%
Qui voyage dans le temps dans le prisonnier d'Azkaban ? Harry et Hermione
61%
Comment s'appelle Sirius Black en chien ? Patmol
52%
Quel sort utilise Hermione pour se débarrasser de Neville qui veut les empêcher de partir la nuit? Petrificus Totalus
45%
Qui envoi Dobby aider Harry dans le manoir des Malfoy ? Abelforth Dumbledore
38%
Qui sont les 4 maraudeurs ? Remus Lupin, Sirius Black, Peter Pettigrow et James Potter
31%
Quelle professeure enseigne l'étude des moldus à Poudlard? Miss Charity Burbage
27%
Comment Hagrid a-t-il écrit Happy Birthday sur le gâteau de Harry ? Happee Birthdae
17%
Quelle race de dragon protège le coffre de Bellatrix Lestrange à Gringotts ? Panse de fer Ukrainien
10%
Comment meurt Edwige ? Un Avada Kedavra perdu
7%
Comment s'appellent-t-ils sur la carte du maraudeur ? Patmol, Queudver, Lunard et Cornedrue
2%
Aucun quiz correspondant
Distribution des résultats
% des personnes avec chaque résultat
Percentile par nombre de réponses
Votre historique - résultats
Vous n’avez pas pris ce quiz